| Tag |
First Indicator |
Second Indicator |
Subfields |
| LEADER |
00000cam a2200000 a 4500 |
| 001 |
in00001623421 |
| 005 |
20220105104407.0 |
| 006 |
m u |
| 007 |
cr cn||||||||| |
| 008 |
010126s2000 njuab sb 001 0 eng d |
| 010 |
|
|
|z 99030603
|
| 020 |
|
|
|a 0585337713 (electronic bk.) :
|c $79.95
|
| 020 |
|
|
|z 0805824707 (hardcover : alk. paper)
|
| 020 |
|
|
|z 0805824715 (pbk. : alk. paper)
|
| 035 |
|
|
|a 45169
|b (N$T)
|
| 035 |
|
|
|a nL45169
|
| 040 |
|
|
|a N$T
|c N$T
|d UtOrBLW
|
| 050 |
1 |
4 |
|a BF353
|b .P43 2000eb
|
| 082 |
0 |
4 |
|a 155.9
|2 21
|
| 245 |
0 |
0 |
|a Person-environment psychology :
|b new directions and perspectives /
|c edited by W. Bruce Walsh, Kenneth H. Craik, Richard H. Price.
|
| 250 |
|
|
|a 2nd ed.
|
| 264 |
|
1 |
|a Mahwah, N.J. :
|b L. Erlbaum,
|c 2000.
|
| 300 |
|
|
|a xi, 345 pages :
|b illustrations, maps ;
|c 24 cm.
|
| 336 |
|
|
|a text
|b txt
|2 rdacontent
|
| 337 |
|
|
|a computer
|b c
|2 rdamedia
|
| 338 |
|
|
|a online resource
|b cr
|2 rdacarrier
|
| 504 |
|
|
|a Includes bibliographical references and indexes.
|
| 533 |
|
|
|a Electronic reproduction.
|b Boulder, Colo. :
|c NetLibrary,
|d 2001.
|n Available via World Wide Web.
|n Access may be limited to NetLibrary affiliated libraries.
|
| 500 |
|
|
|a Electronic resource.
|
| 650 |
|
0 |
|a Environmental psychology.
|0 http://id.loc.gov/authorities/subjects/sh85044210
|
| 655 |
|
7 |
|a Electronic books.
|2 local
|
| 700 |
1 |
|
|a Walsh, W. Bruce,
|d 1937-
|
| 700 |
1 |
|
|a Craik, Kenneth H.
|0 http://id.loc.gov/authorities/names/n86020873
|
| 700 |
1 |
|
|a Price, Richard H.
|0 http://id.loc.gov/authorities/names/n80021763
|
| 710 |
2 |
|
|a NetLibrary, Inc.
|0 http://id.loc.gov/authorities/names/no99080690
|
| 776 |
0 |
|
|c Original
|w (DLC) 99030603
|
| 856 |
4 |
1 |
|u https://proxy.library.tamu.edu/login?url=http://www.netLibrary.com/urlapi.asp?action=summary&v=1&bookid=45169
|z Connect to the full text of this electronic book
|t 0
|
| 999 |
|
|
|a MARS
|
| 999 |
f |
f |
|s e2898153-2065-3481-91c0-e64b06d4a9da
|i 2bab2085-5662-39a3-85cc-12565881775d
|t 0
|
| 952 |
f |
f |
|a Texas A&M University
|b College Station
|c Electronic Resources
|d Available Online
|t 0
|e BF353 .P43 2000eb
|h Library of Congress classification
|
| 998 |
f |
f |
|a BF353 .P43 2000eb
|t 0
|l Available Online
|